Normal view
MARC view
Entry Personal Name
001 - CONTROL NUMBER
- control field: 14671
003 - CONTROL NUMBER IDENTIFIER
- control field: ARRUPE
005 - DATE AND TIME OF LATEST TRANSACTION
- control field: 20150127124438.0
008 - FIXED-LENGTH DATA ELEMENTS
- fixed length control field: 150127|| aca||aabn | a|a d
040 ## - CATALOGING SOURCE
- Original cataloging agency: ARRUPE
- Transcribing agency: ARRUPE
100 ## - HEADING--PERSONAL NAME
- Personal name: Spicker, Stuart F.,
- Dates associated with a name: 1937-
- Relator term: comp.
670 ## - SOURCE DATA FOUND
- Source citation: Work cat.: (ARRUPE)0: Spicker, Stuart F., 1937- comp., The philosophy of the body;, [1970]